Trend Analysis of Textile Sales Using IBM COGNOS BI AND IBM SPSS (Record no. 12726)
[ view plain ]
| 000 -LEADER | |
|---|---|
| fixed length control field | 00474nam a22001337a 4500 |
| 082 ## - DEWEY DECIMAL CLASSIFICATION NUMBER | |
| Classification number | BIT-10 SAN |
| 100 ## - MAIN ENTRY--PERSONAL NAME | |
| Personal name | Sana Jabbar |
| 9 (RLIN) | 92723 |
| 245 ## - TITLE STATEMENT | |
| Title | Trend Analysis of Textile Sales Using IBM COGNOS BI AND IBM SPSS |
| 260 ## - PUBLICATION, DISTRIBUTION, ETC. | |
| Place of publication, distribution, etc. | Islamabad |
| Name of publisher, distributor, etc. | NUST School of Electrical Engineering and Computer Science |
| Date of publication, distribution, etc. | 2013 |
| 300 ## - PHYSICAL DESCRIPTION | |
| Extent | 57p. : |
| Accompanying material | CD-ROM |
| 500 ## - GENERAL NOTE | |
| General note | Supervisor: Dr. Ali Mustafa Qamar |
| 856 ## - ELECTRONIC LOCATION AND ACCESS | |
| Uniform Resource Identifier | <a href="http://10.250.8.41:8080/xmlui/handle/123456789/11749">http://10.250.8.41:8080/xmlui/handle/123456789/11749</a> |
| 942 ## - ADDED ENTRY ELEMENTS (KOHA) | |
| Koha item type | Project Report |
| Source of classification or shelving scheme | |
| Withdrawn status | Lost status | Source of classification or shelving scheme | Damaged status | Not for loan | Permanent Location | Current Location | Shelving location | Date acquired | Full call number | Barcode | Date last seen | Price effective from | Koha item type |
|---|---|---|---|---|---|---|---|---|---|---|---|---|---|
| WITHDRAWN | Central Library (CL) | Central Library (CL) | General Stacks | 02/12/2014 | BIT-10 SAN | SEECSP01351 | 02/12/2014 | 02/12/2014 | Project Report |
